000 00591nam a2200181 a 4500
001 000045147
005 20201002045922.0
008 150205s2006 dr 000 0 spa d
020 _a9945405357
040 _aDO-SdBNP
_bspa
_cBNPHU
082 _axxxxx
_bxxxxx
100 1 _aCabral de Peña Gómez, Peggy,
_d1947-
_973167
245 1 0 _aRecordando a Peña /
_cPeggy Cabral de Peña Gómez.
260 _aSanto Domingo :
_bManatí,
_c2006.
300 _a370 p. ;
_c23 cm.
500 _aIncluye índice onomástico
500 _aIncluye datos biográficos de la autora en la solapa de la cubierta
999 _c44636
_d44636